| 000 | 01323nac a22003737a 4500 | ||
|---|---|---|---|
| 001 | BR8100028 | ||
| 003 | BR-BrBNA | ||
| 005 | 20240105114852.0 | ||
| 008 | 230509b bl.|||m| |||| 00| 0 por d | ||
| 040 |
_aBR-BrBNA _bpor _cBiblioteca Nacional de Agricultura |
||
| 072 | _aF00; H10; H20 | ||
| 090 | _a1540 BR8100028 | ||
| 100 | 1 | _aDias, C.A. de C. | |
| 100 | 1 | _aMartinez, A.A. | |
| 110 | 1 | _aCoordenadoria de Assistencia Tecnica Integral, Campinas, SP (Brasil) | |
| 245 | 1 | _aMandioca: informacoes importantes [Manihot esculenta; Inseto; Bacteria; Bacteriose; Colheita; Controle quimico; Inseticida] | |
| 246 | 1 | _a[Cassava: important information [Manihot esculenta; Insect; Bacterium; Bacteriosis; Harvest; Chemical control; Insecticide]] | |
| 260 | 3 |
_aCampinas, SP (Brasil): _cFeb 1980. |
|
| 300 | _a21 p. | ||
| 490 |
_aInstrucoes Praticas - Coordenadoria de Assistencia Tecnica Integral (Brazil) _vno. 190 _xISSN 0100-5111 |
||
| 500 | _a16 illus. | ||
| 650 | _aProducao vegetal | ||
| 650 | _aPraga de planta | ||
| 650 | _aDoenca de planta | ||
| 650 | _aMandioca | ||
| 650 | _aInseto | ||
| 650 | _aBacteria | ||
| 650 | _aBacteriose | ||
| 650 | _aControle quimico | ||
| 650 | _aInseticida | ||
| 650 | _aErva daninha | ||
| 909 |
_a202312 _bLúcia Elande _c55 _dLúcia Elande |
||
| 942 |
_2AGRIS _n0 _cMS |
||
| 999 |
_c271764 _d271764 |
||